Rumor has it / (Record no. 34385)
[ view plain ]
| 000 -LEADER | |
|---|---|
| fixed length control field | 01770cam a22003977a 4500 |
| 001 - CONTROL NUMBER | |
| control field | 16253093 |
| 003 - CONTROL NUMBER IDENTIFIER | |
| control field | OSt |
| 005 - DATE AND TIME OF LATEST TRANSACTION | |
| control field | 20140310184435.0 |
| 008 - FIXED-LENGTH DATA ELEMENTS--GENERAL INFORMATION | |
| fixed length control field | 100526s2010 nyu j 000 1 eng d |
| 010 ## - LIBRARY OF CONGRESS CONTROL NUMBER | |
| LC control number | 2010279517 |
| 020 ## - INTERNATIONAL STANDARD BOOK NUMBER | |
| International Standard Book Number | 9780545166768 |
| 035 ## - SYSTEM CONTROL NUMBER | |
| System control number | (OCoLC)ocn419803637 |
| 040 ## - CATALOGING SOURCE | |
| Original cataloging agency | BTCTA |
| Transcribing agency | BTCTA |
| Modifying agency | BRL |
| -- | ZGX |
| -- | SINLB |
| -- | UPZ |
| -- | DLC |
| 042 ## - AUTHENTICATION CODE | |
| Authentication code | lccopycat |
| 050 00 - LIBRARY OF CONGRESS CALL NUMBER | |
| Classification number | PZ 7 |
| Item number | .M4116Ru 2010 |
| 100 1# - MAIN ENTRY--PERSONAL NAME | |
| Personal name | Mason, Jane B. |
| 9 (RLIN) | 23991 |
| 245 10 - TITLE STATEMENT | |
| Title | Rumor has it / |
| Statement of responsibility, etc | by Jane B. Mason and Sarah Hines Stephens. |
| 260 ## - PUBLICATION, DISTRIBUTION, ETC. (IMPRINT) | |
| Place of publication, distribution, etc | New York : |
| Name of publisher, distributor, etc | Scholastic, |
| Date of publication, distribution, etc | 2010 |
| 300 ## - PHYSICAL DESCRIPTION | |
| Extent | 142 p. ; |
| Dimensions | 19 cm. |
| 500 ## - GENERAL NOTE | |
| General note | "A candy apple book." |
| 520 ## - SUMMARY, ETC. | |
| Summary, etc | "Audrey Jones wants to be friends with the new girl at school, Mailee, but she can't tell if Mailee feels the same about her. So she decides to starts a slam book to get the scoop. Slam books are against school rules, but with pages to write about everyone in the sixth grade, and a code to see who wrote what, Audrey can find out what Mailee really thinks about her. The book is a huge hit--everyone is excited to write (and read!) about everyone else. But does Audrey really want to know the truth?"--P. [4] of cover. |
| 521 0# - TARGET AUDIENCE NOTE | |
| Target audience note | |
| 526 ## - STUDY PROGRAM INFORMATION NOTE | |
| Reading level | 760 |
| 562 ## - COPY AND VERSION IDENTIFICATION NOTE | |
| Number of copies | 1 |
| 650 #1 - SUBJECT ADDED ENTRY--TOPICAL TERM | |
| Topical term or geographic name as entry element | Friendship |
| Form subdivision | Fiction. |
| 9 (RLIN) | 27195 |
| 650 #1 - SUBJECT ADDED ENTRY--TOPICAL TERM | |
| Topical term or geographic name as entry element | Gossip |
| Form subdivision | Fiction. |
| 9 (RLIN) | 27196 |
| 650 #1 - SUBJECT ADDED ENTRY--TOPICAL TERM | |
| Topical term or geographic name as entry element | Middle school students |
| Form subdivision | Fiction. |
| 9 (RLIN) | 27197 |
| 650 #0 - SUBJECT ADDED ENTRY--TOPICAL TERM | |
| Topical term or geographic name as entry element | Friendship |
| Form subdivision | Juvenile fiction. |
| 9 (RLIN) | 27198 |
| 650 #0 - SUBJECT ADDED ENTRY--TOPICAL TERM | |
| Topical term or geographic name as entry element | Gossip |
| Form subdivision | Juvenile fiction. |
| 9 (RLIN) | 27199 |
| 650 #0 - SUBJECT ADDED ENTRY--TOPICAL TERM | |
| Topical term or geographic name as entry element | Middle school students |
| Form subdivision | Juvenile fiction. |
| 9 (RLIN) | 27200 |
| 700 1# - ADDED ENTRY--PERSONAL NAME | |
| Personal name | Hines-Stephens, Sarah. |
| 9 (RLIN) | 24000 |
| 906 ## - LOCAL DATA ELEMENT F, LDF (RLIN) | |
| a | 7 |
| b | cbc |
| c | copycat |
| d | 2 |
| e | ncip |
| f | 20 |
| g | y-gencatlg |
| 942 ## - ADDED ENTRY ELEMENTS (KOHA) | |
| Source of classification or shelving scheme | Library of Congress Classification |
| Koha item type | |
| Withdrawn status | Lost status | Source of classification or shelving scheme | Damaged status | Home library | Current library | Shelving location | Date acquired | Total Checkouts | Full call number | Barcode | Date last seen | Copy number | Price effective from | Koha item type |
|---|---|---|---|---|---|---|---|---|---|---|---|---|---|---|
| Library of Congress Classification | Luxembourg Library | Luxembourg Library | Scholastic Reading Center Section | 10/10/2013 | PZ 7 .M4116Ru 2010 | LEX1211 | 04/18/2017 | 1 | 10/10/2013 | Books |